Dahschur IV : Tempelanlagen im Tal der Knickpyramide /

محفوظ في:

المؤلفون الرئيسيون: Arnold, Felix, 1972- (مؤلف), Senussi, Ashraf (مؤلف)

التنسيق: كتاب

اللغة: German
English

منشور في: Wiesbaden : Harrassowitz Verlag, [2021]

سلاسل: Archäologische Veröffentlichungen / Deutsches Archäologisches Institut, Abteilung Kairo ; 133

الموضوعات:

الوسوم: إضافة وسم

لا توجد وسوم, كن أول من يضع وسما على هذه التسجيلة!

رقم الطلب: ( F )DT57 .D47 v.133

LEADER 01808nam a22004337a 4500
003 OSt
005 20260430073642.0
008 260430t2021 gw af b 000 0 ger
010 |a  2022415922 
020 |a 9783447113458  |q (hardbound) ;  |q alkaline paper 
035 |a 22186590 
035 |a (GyWOH)har215013604 
040 |a DLC  |b eng  |c DLC  |e rda  |d DLC 
041 0 |a ger  |a eng 
042 |a pcc 
043 |a f-ua--- 
050 1 4 |a ( F )DT57  |b .D47 v.133 
082 0 0 |a 932  |2 23/eng/20221013 
100 1 |a Arnold, Felix,  |d 1972-  |e author. 
245 1 0 |a Dahschur IV :  |b Tempelanlagen im Tal der Knickpyramide /  |c von Felix Arnold ; mit Beiträgen von Ashraf Senussi. 
246 3 |a Dahschur 4 
246 3 0 |a Tempelanlagen im Tal der Knickpyramide 
264 1 |a Wiesbaden :  |b Harrassowitz Verlag,  |c [2021] 
300 |a 186 pages, 34 pages of plates :  |b 115 illustrations (some color) ;  |c 36 cm +  |e 6 supplements. 
336 |a text  |b txt  |2 rdacontent 
337 |a unmediated  |b n  |2 rdamedia 
338 |a volume  |b nc  |2 rdacarrier 
490 0 |a Archäologische Veröffentlichungen / Deutsches Archäologisches Institut, Abteilung Kairo ;   |v 133  |x 2190-5843 ; 
500 |a Folded plans (supplements) in pocket. 
504 |a Includes bibliographical references (pages 11-18). 
546 |a Within F. Arnold's four separate texts there is a section in English by A. Senussi partially summarizing Arnold's findings. 
650 0 |a Pyramids  |z Egypt  |z Dahshûr. 
651 0 |a Dahshur (Egypt)  |x Antiquities. 
651 0 |a Egypt  |x Civilization. 
700 1 |a Senussi, Ashraf,  |e author,  |e writer of supplementary textual content. 
906 |a 7  |b cbc  |c origres  |d 2  |e ncip  |f 20  |g y-gencatlg 
942 |2 lcc  |c BK 
955 |a ve21 2021-08-20  |a fd10 2022-08-09  |a fd00 2022-08-23 to GS/GER  |i fd12 2022-08-26 to Dewey 
999 |c 62213  |d 62213